000 00471nam a2200193Ia 4500
003 OSt
005 20260407155943.0
008 210210b1976 xxu||||| |||| 00| 0 eng d
040 _cAL
041 _aHindi
082 _aH891.4 SAHI
100 _a-
_9205284
245 _aSahity manjari : II PUC
_bसाहित्य मंजरी
260 _aIndia
_bSarakara
_c1976
300 _a184
690 _aHindi Prose
_9205285
906 _aSG00475
942 _2ddc
_cSG
999 _c112008
_d112008